Prescriptive easements - change in the nature of the use (Record no. 68091)

MARC details
000 -LEADER
fixed length control field 01450cam a2200301 4500
001 - CONTROL NUMBER
control field ABS64457
008 - FIXED-LENGTH DATA ELEMENTS--GENERAL INFORMATION
fixed length control field 010828n2001 000 0 eng u
035 ## - SYSTEM CONTROL NUMBER
System control number (Sirsi) u114345
100 ## - MAIN ENTRY--PERSONAL NAME
Personal name Wilkinson, H
245 ## - TITLE STATEMENT
Title Prescriptive easements - change in the nature of the use
260 ## - PUBLICATION, DISTRIBUTION, ETC.
Date of publication, distribution, etc. 2001
490 ## - SERIES STATEMENT
Series statement New Law Journal
Volume/sequential designation 151(6996) 10 August 2001, 1207-1208(2)
520 ## - SUMMARY, ETC.
Summary, etc. Studies the issues raised in the case, "Attwood v Bovis Homes Ltd". A piece of land, bought by Bovis, was to change from agricultural to residential use but due to a prescriptive easement of drainage, Bovis needed to ensure no greater volume of water flowed through Attwood's land than before. The disputed issue was over whether changes in use of the land may result in substantial change to the use of the easement. By comparing with other similar cases, the judge came to the conclusion that this would normally lead to the loss or suspension of the easement.
590 ## - LOCAL NOTE (RLIN)
Local note ABS
650 ## - SUBJECT ADDED ENTRY--TOPICAL TERM
Topical term or geographic name entry element PRESCRIPTIVE RIGHTS
650 ## - SUBJECT ADDED ENTRY--TOPICAL TERM
Topical term or geographic name entry element DRAINAGE RIGHTS
650 ## - SUBJECT ADDED ENTRY--TOPICAL TERM
Topical term or geographic name entry element CHANGES OF USE
650 ## - SUBJECT ADDED ENTRY--TOPICAL TERM
Topical term or geographic name entry element RIGHTS OF WAY
650 ## - SUBJECT ADDED ENTRY--TOPICAL TERM
Topical term or geographic name entry element LOST MODERN GRANT
650 ## - SUBJECT ADDED ENTRY--TOPICAL TERM
Topical term or geographic name entry element ATTWOOD AND OTHERS V BOVIS HOMES LTD
650 ## - SUBJECT ADDED ENTRY--TOPICAL TERM
Topical term or geographic name entry element BRITISH RAILWAYS BOARD V GLASS
650 ## - SUBJECT ADDED ENTRY--TOPICAL TERM
Topical term or geographic name entry element CARGILL V GOTTS
650 ## - SUBJECT ADDED ENTRY--TOPICAL TERM
Topical term or geographic name entry element HARVEY V WALTERS
650 ## - SUBJECT ADDED ENTRY--TOPICAL TERM
Topical term or geographic name entry element TODRICK V WESTERN NATIONAL OMNIBUS CO LTD
650 ## - SUBJECT ADDED ENTRY--TOPICAL TERM
Topical term or geographic name entry element WHITE V GRAND HOTEL EASTBOURNE LTD
690 ## - LOCAL SUBJECT ADDED ENTRY--TOPICAL TERM (OCLC, RLIN)
Topical term or geographic name as entry element Boundary disputes
9 (RLIN) 6221
942 ## - ADDED ENTRY ELEMENTS (KOHA)
Suppress in OPAC 0
Holdings
Withdrawn status Lost status Source of classification or shelving scheme Damaged status Not for loan Home library Current library Shelving location Date acquired Total Checkouts Full call number Barcode Date last seen Copy number Price effective from Koha item type
    Dewey Decimal Classification     London London Journal article 28/08/2001   ABS64457 114345-1001 06/08/2019 1 06/08/2019 Journal article